| 000 | 02261cad a22002895a 4500 | ||
|---|---|---|---|
| 001 | L148169 | ||
| 008 | 090810s2009 xxk f 000 0 eng d | ||
| 020 | _a9781842195000 | ||
| 035 | _a(Sirsi) u148169 | ||
| 041 | 0 | _aeng | |
| 050 | 0 | 4 | _a658.404 $2 18 |
| 110 | 2 |
_aRoyal Institution of Chartered Surveyors _94900 |
|
| 245 | 0 | 0 |
_aDevelopment management _bRICS guidance note _h[electronic resource] |
| 260 |
_aCoventry _bRICS _c2009 |
||
| 300 |
_aiv, 44p. _c30cm. |
||
| 490 | 0 | _aRICS Practice Standards UK | |
| 490 | 0 | _aRICS Guidance Note | |
| 505 | 2 | _aAcknowledgments -- RICS guidance notes -- 1. Introduction: overview of development management; purpose of this guidance note -- 2. Phases of the development management process: introduction; phase 1, developer's initial concept; phase 2, site acquisition strategy; phase 3, outline appraisal; phase 4, outline planning permission; phase 5, full planning permission -- 3. Development appraisal: introduction; valuation of development land; development agreement -- 4. Planning: introduction; planning applications; environmental considerations; building control and regulations; party walls; rights to light -- 5. Development finance: introduction; the development vehicle; equity; debt; debt providers; finance and the development management process -- 6. Procurement: introduction; procurement strategy; composition of the developer's professional team; tendering and selection process; forms of appointment available --Appendices: A. 1: stages of services; 2. Stages of services compared with development -- B. General contacts -- References | |
| 520 | _aProvides help and advice to project management surveyors involved in the development management of construction projects from the beginning to commencement on site. Does not address the construction or completion phases. Covers the key areas of development appraisal, planning application processes, development finance and procurement. | ||
| 520 | _aEffective from 1st September 2009. | ||
| 521 | _aAdvanced | ||
| 590 | _aKA | ||
| 651 | 4 | _aUnited Kingdom | |
| 690 |
_aProject management _96261 |
||
| 856 | 4 | 1 |
_uhttps://www.isurv.com/downloads/file/1167/development_management _zArchived on iSurv (subscription required) |
| 942 |
_n0 _2ddc |
||
| 999 |
_c109928 _d109928 |
||